| 000 | 00000nam##2200000za#4500 |
| 001 | 9.581554 |
| 003 | CaOODSP |
| 005 | 20210624191554 |
| 007 | cr ||||||||||| |
| 008 | 150406|2015||||xxc|||||o f|0| 0 eng|d |
| 040 | |aCaOODSP|beng |
| 043 | |an-cn--- |
| 086 | 1 |aRv55-5/2015-001E-PDF |
| 110 | 2 |aCanada Border Services Agency. |
| 245 | 10|aTreatment of downward price adjustments in value for duty calculations |h[electronic resource] |
| 260 | |aOttawa - Ontario : |bCanada Border Services Agency |
| 300 | |a2p. |
| 490 | 1 |aCustoms notice |v15-001, January 19, 2015 |
| 590 | |a15-10|b2015-03-06 |
| 775 | 08|tTraitement des ajustements à la baisse des prix lors des calculs de valeur en douane |w(CaOODSP)9.608332 |
| 830 | #0|aCustoms notice ;|v15-001, January 19, 2015|w(CaOODSP)9.504733 |
| 856 | 40|ahttp://publications.gc.ca|qPDF|s37 KB|uhttps://publications.gc.ca/collections/collection_2015/asfc-cbsa/Rv55-5-2015-001-eng.pdf|y15-001, January 19, 2015 |